| 000 | 00701nam a2200289Ia 4500 | ||
|---|---|---|---|
| 001 | 987 | ||
| 005 | 20240113233438.0 | ||
| 007 | ta | ||
| 008 | 050128s1991 g b000 u asm u | ||
| 020 | _cHB | ||
| 040 | _aGen. stack | ||
| 041 | _aasm | ||
| 082 |
_a923.2 _bCh 458 Lo |
||
| 100 | _aChoudhury, Jimoni . | ||
| 245 | 0 |
_aLokamanya Tilak / _cJimoni Choudhury. _hTextual Documents |
|
| 250 | _a1st ed. / | ||
| 260 |
_aGuwahati : _bLawyer`s Book Stall , _c1991. |
||
| 300 |
_a41p. ; _c21cm.. |
||
| 653 | _aBiography-Lokamanya Tilak | ||
| 653 | _aG-Biography | ||
| 942 |
_2ddc _cBK |
||
| 999 |
_c985 _d985 |
||